| 000 | nam a22 a 4500 | ||
|---|---|---|---|
| 999 |
_c325546 _d325546 |
||
| 003 | BLK | ||
| 005 | 20181018161951.0 | ||
| 008 | 181018b bu ||||| |||| 00| 0 bu d | ||
| 020 | _a978-954-9850-92-5 | ||
| 040 | _aBLK | ||
| 041 |
_aBUL _cBUL |
||
| 080 |
_aИкономическа психология. Икономическо поведение. Физиологични и психологични елементи. Интереси. Икономически дух _b330.16 _z330.16 |
||
| 100 |
_9390269 _aСтефанов, Петър Благоев _eпърви автор |
||
| 139 | _aСтефанов, Петър Благоев | ||
| 245 |
_aПарапсихологията в бизнеса и мениджмънта _cПетър Стефанов |
||
| 260 |
_aБургас _bЗнаци _c2018 |
||
| 300 |
_a172 с. _c20 см |
||
| 380 | _a3 | ||
| 504 | _aБиблиогр.: с. 164-166 | ||
| 650 | 0 |
_9263790 _aИкономическа психология |
|
| 653 | 7 |
_9193330 _aпарапсихология |
|
| 852 |
_aЦб 290929 _bЦб |
||
| 942 |
_cKNG _n0 |
||